01298nam a22003617a 4500008004100000040001800041041000800059245013000067250001100197260012600208300001800334500006200352650001400414650002500428650003500453650003200488650005300520650002700573651001300600651003700613700002100650700003000671700001900701700002600720700002200746700002000768700001700788700002100805700003000826700002700856700002300883700003000906130821s1982 ck gr spa  aCo-BoUCMbspa00aspa00aModelos de desarrollo económico Colombia, 1960-82cAlejandro Power... [et.al], edición preparada por Cristina de la Torre a1a. ed aBogotá (Colombia)bAsociación de Profesionales de la Educación Superior en Colombia, Editorial la Oveja Negrac1982 a293 páginas aEste libro se encuentra en el depósito de la Biblioteca04a1960-198204aPlanes de desarrollo04aPlanes de desarrollozColombia04aPlanificación económica04aPlanificación económicay1960-1982zColombia04aPolítica económica aColombia aColombiaxPolítica económica aBaquero, Alberto aBejarano, Jesús Antonio aCuevas, Homero aFlorez, Luis Bernardo aGarcía Bernardo aMoreno, Félix aOtero, Diego aPower, Alejandro aSalazar de Heredia, Pablo aSamper Pizano, Ernesto aSarmiento, Eduardo aValencia Jaramillo, Jorge